Lượng tử hoá dao động tử quỹ đạo và phương trình chuyển động của trường dây : Luận văn tốt nghiệp cao học. Ngành Vật lý lý thuyết và Vật lý toán

Luận văn giới thiệu về lý thuyết dây boson mô tả các hạt có spin nguyên, lấy đại số Virasoro làm nền tản và các dao động tử quỹ đạo biến thành các toán tử sinh và toán tử huỷ thỏa mãn các tính chất giao hoán, phản giao hoán....

詳細記述

保存先:
書誌詳細
第一著者: Huỳnh, Thị Trang Đài
フォーマット: 図書
言語:Undetermined
出版事項: Cần Thơ Trường Đại học Cần Thơ 2009
主題:
タグ: タグ追加
タグなし, このレコードへの初めてのタグを付けませんか!
Thư viện lưu trữ: Trung tâm Học liệu Trường Đại học Cần Thơ
LEADER 01236nam a2200217Ia 4500
001 CTU_152136
008 210402s9999 xx 000 0 und d
082 |a 530.12 
082 |b Đ103 
088 |a 604401 
100 |a Huỳnh, Thị Trang Đài 
245 0 |a Lượng tử hoá dao động tử quỹ đạo và phương trình chuyển động của trường dây : 
245 0 |b Luận văn tốt nghiệp cao học. Ngành Vật lý lý thuyết và Vật lý toán 
245 0 |c Huỳnh Thị Trang Đài; Đào Vọng Đức (cán bộ hướng dẫn) 
260 |a Cần Thơ 
260 |b Trường Đại học Cần Thơ 
260 |c 2009 
520 |a Luận văn giới thiệu về lý thuyết dây boson mô tả các hạt có spin nguyên, lấy đại số Virasoro làm nền tản và các dao động tử quỹ đạo biến thành các toán tử sinh và toán tử huỷ thỏa mãn các tính chất giao hoán, phản giao hoán. 
650 |a Quantum theory,Lý thuyết lượng tử 
904 |i Năm, T. Dương 
980 |a Trung tâm Học liệu Trường Đại học Cần Thơ